Familienplanung und empfängnisverhütung : uberlegungen im anschluss an die synodenvorlage "Christlich gelebte Ehe und Familie" sowie an die enzyklika "Humanae, vitae" /
Salvato in:
| Autore principale: | |
|---|---|
| Natura: | Libro |
| Lingua: | tedesco |
| Pubblicazione: |
Mainz :
Matthias-Grünewald,
c1975
|
| Tags: |
Nessun Tag, puoi essere il primo ad aggiungerne!!
|
MARC
| LEADER | 00000nam a22000007i 4500 | ||
|---|---|---|---|
| 001 | IT\ICCU\UBO\3657323 | ||
| 003 | ItRI | ||
| 005 | 20260115231841.0 | ||
| 008 | 090626s1975 gw |||||| ||||| |||||c | ||
| 020 | |a 3786704961 | ||
| 040 | |b ita |c importazione bologna sebina | ||
| 041 | 7 | |a ger |2 ISO-639-2 | |
| 100 | 1 | |a Reuss, Josef Maria |0 IT\ICCU\TO0V\282463 |4 aut | |
| 245 | 1 | 0 | |a Familienplanung und empfängnisverhütung : |b uberlegungen im anschluss an die synodenvorlage "Christlich gelebte Ehe und Familie" sowie an die enzyklika "Humanae, vitae" / |c Josef Maria Reuss. |
| 260 | |a Mainz : |b Matthias-Grünewald, |c c1975 | ||
| 300 | |a 64 p. ; |c 19 cm. | ||
| 942 | |2 ddc |c BK |n 0 | ||
| 952 | |0 0 |1 0 |4 0 |6 DOC_262_520000000000000_REU |7 0 |9 14238 |a BO |b BO |d 2026-01-15 |i 1818 |l 0 |o DOC 262.52 REU |p BO1818 |r 2026-01-15 23:18:41 |w 2026-01-15 |x [Sebina 5] [1 v.] |y BK |z 1 v. | ||
| 999 | |c 12288 |d 12288 | ||